• 首页
  • 本馆介绍
  • 公告通知
  • 最新文献
  • 馆藏检索
  • 电子资源
  • 读者导购
  • 参考咨询
  • 我的图书馆
  • 登录
  • 详细信息显示
  • 放入我的书架
  • 预约/预借图书
  • 作者相关作品
  • 分类相关作品
  • 丛书相关作品
  • 出版社相关作品

书目信息

  • 表格格式
  • 工作单格式
  • 卡片格式
题名:
大学化学实验
    
 
作者: 胡琴 , 许贯虹 主编
分册:  
出版信息: 北京   化学工业出版社  2014
页数: 198页
开本: 26cm
丛书名:
单 册:
中图分类: O6-3
科图分类:
主题词: 化学实验--hua xue shi yan--高等学校--教材
电子资源:
ISBN: 978-7-122-22682-2
000 01206nam0 2200289 450
001 012001002372
005 20131110170941.0
010    @a978-7-122-22682-2@dCNY25.00
099    @aCAL 012015036850
100    @a20150313d2014 em y0chiy50 ea
101 0  @achi
102    @aCN@b110000
105    @aak a 000yy
106    @ar
200 1  @a大学化学实验@Ada xue hua xue shi yan@f胡琴, 许贯虹主编
210    @a北京@c化学工业出版社@d2014
215    @a198页@c图@d26cm
300    @a高等学校教材
320    @a有书目 (第198页)
330    @a本书分为基本操作训练、基本理论验证、化合物性质验证与鉴别、简单药物分析、综合设计实验五个模块,共计51个实验。所选实验均为我国高校化学教学中常见的经典实验,既包含单项基础训练实验,也有多项基础训练组合的综合实验和自主学习的研究性实验,适合不同学习阶段的学生使用。此外,还编排了4个英文实验,既可供临床专业的留学生使用,又可作为双语教学的素材,供开设双语教学的院校参考使用。
333    @a本书适用于临床、药学、临床药学、预防、检验等专业。
606 0  @a化学实验@Ahua xue shi yan@x高等学校@j教材
690    @aO6-3@v5
701  0 @a胡琴@Ahu qin@4主编
701  0 @a许贯虹@Axu guan hong@4主编
801  0 @aCN@b北京卓展@c20191020
905    @b1205452-5@dO6-3@e1003@f4
    
    大学化学实验/胡琴, 许贯虹主编.-北京:化学工业出版社,2014
    198页:图;26cm
    高等学校教材.-使用对象:本书适用于临床、药学、临床药学、预防、检验等专业。
    
    ISBN 978-7-122-22682-2:CNY25.00
    本书分为基本操作训练、基本理论验证、化合物性质验证与鉴别、简单药物分析、综合设计实验五个模块,共计51个实验。所选实验均为我国高校化学教学中常见的经典实验,既包含单项基础训练实验,也有多项基础训练组合的综合实验和自主学习的研究性实验,适合不同学习阶段的学生使用。此外,还编排了4个英文实验,既可供临床专业的留学生使用,又可作为双语教学的素材,供开设双语教学的院校参考使用。
●
相关链接 在E读中查询图书 在五车中查询图书 在当当中查询图书 在豆瓣中查询图书


正题名:大学化学实验     索取号:O6-3/1003         预约/预借

序号 登录号 条形码 馆藏地/架位号 状态 备注
1 1205452   212054523   第二样本阅览室/ [索取号:O6-3/1003] 在馆    
2 1205453   212054532   第三借阅区/ [索取号:O6-3/1003] 在馆    
3 1205454   212054541   第三借阅区/ [索取号:O6-3/1003] 在馆    
4 1205455   212054550   第三借阅区/ [索取号:O6-3/1003] 在馆    
唐山师范学院图书馆 欢迎您!
大连网信软件有限公司© 版权所有